[Event "FIDE WY-U16 Olympiad 2022"]
[Site "Nakhchivan"]
[Date "2022.10.08"]
[Round "7.27"]
[White "Alizada, Pasham"]
[Black "Kirtadze, Anastasia"]
[Result "1-0"]
[WhiteElo "1664"]
[BlackElo "1814"]
[Annotator "NA RC COMBH"]
[PlyCount "101"]
[EventDate "2022.10.02"]
[EventType "team-tourn"]
[EventCountry "AZE"]
[SourceTitle "playchess.com"]
[Source "ChessBase"]
[SourceQuality "1"]
[WhiteTeam "Azerbaijan"]
[BlackTeam "Georgia"]
[WhiteTeamCountry "AZE"]
[BlackTeamCountry "GEO"]

1. e4 c5 2. Nf3 e6 3. d4 cxd4 4. Nxd4 a6 5. Bd3 Nf6 6. Qe2 d6 7. O-O Qc7 8. c4 g6 9. b3 Bg7 10. Bb2 O-O 11. Nd2 Nbd7 12. Rac1 b6 13. b4 Bb7 14. N2b3 e5 15. Nf3 Bc6 16. a3 Nh5 17. g3 Rfe8 18. c5 bxc5 19. bxc5 d5 20. exd5 Bxd5 21. Bc4 Nf4 22. Qd1 Nh3+ 23. Kg2 Bxc4 24. Rxc4 e4 25. Nfd2 Nxf2 26. Rxf2 e3 27. Bxg7 exf2 28. Bc3 Ne5 29. Bxe5 Qxe5 30. Kxf2 Qe3+ 31. Kg2 Qd3 32. Qf3 Re2+ 33. Kg1 Qxf3 34. Nxf3 Ra2 35. a4 Rd8 36. Nbd4 Rb8 37. Rc1 Kf8 38. Ne5 Ke8 39. a5 Rbb2 40. Ndf3 Rc2 41. Re1 f6 42. Nc6+ Re2 43. Rd1 g5 44. Nb4 Rxa5 45. c6 Rc5 46. Nd4 Re7 47. Nxa6 Rd5 48. Kf2 Rd6 49. c7 Kd7 50. Nf5 Rxd1 51. Nxe7 1-0

[Event "FIDE WY-U16 Olympiad 2022"]
[Site "Nakhchivan"]
[Date "2022.10.08"]
[Round "7.27"]
[White "Jacobs, Elsje"]
[Black "Emran, Muhammad Emir Rasyid"]
[Result "0-1"]
[WhiteElo "1168"]
[BlackElo "1634"]
[Annotator "NA RC COMBH"]
[PlyCount "110"]
[EventDate "2022.10.02"]
[EventType "team-tourn"]
[EventCountry "AZE"]
[SourceTitle "playchess.com"]
[Source "ChessBase"]
[SourceQuality "1"]
[WhiteTeam "South Africa"]
[BlackTeam "Malaysia"]
[WhiteTeamCountry "RSA"]
[BlackTeamCountry "MAS"]

1. d4 c5 2. d5 Nf6 3. c4 e6 4. Nc3 exd5 5. cxd5 d6 6. e4 g6 7. h3 Bg7 8. f4 O-O 9. Nf3 Re8 10. Bd3 Nxe4 11. Bxe4 Bxc3+ 12. bxc3 Rxe4+ 13. Kf2 Qf6 14. Qd2 Nd7 15. Bb2 Qxf4 16. Rhe1 Qxd2+ 17. Nxd2 Rxe1 18. Rxe1 Ne5 19. Re3 Bf5 20. Kg3 b5 21. a3 Kf8 22. Kh4 Nd3 23. Ba1 Nf4 24. Kg3 Nxd5 25. Re1 Nb6 26. Nf3 Nc4 27. Rd1 Rd8 28. Kf4 Nxa3 29. g4 Be6 30. Kg5 a5 31. Kh6 a4 32. Rf1 Nc2 33. Ng5 Bc4 34. Nxh7+ Ke7 35. Rc1 Bd3 36. Kg7 a3 37. Ng5 Nxa1 38. Rxa1 b4 39. Nxf7 Ra8 40. cxb4 cxb4 41. Re1+ Kd7 42. Rd1 a2 43. Rxd3 a1=Q+ 44. Kh6 Ke7 45. Rf3 b3 46. Rxb3 Kxf7 47. Rb7+ Kg8 48. Kxg6 Qe5 49. Rb4 Re8 50. g5 Qe6+ 51. Kh5 Qxh3+ 52. Rh4 Qf3+ 53. Rg4 Kg7 54. g6 Rh8+ 55. Kg5 Qf6# 0-1

[Event "FIDE WY-U16 Olympiad 2022"]
[Site "Nakhchivan"]
[Date "2022.10.08"]
[Round "7.28"]
[White "kiladze, Luka"]
[Black "Nasibova, Narmin"]
[Result "1-0"]
[WhiteElo "1894"]
[BlackElo "1504"]
[Annotator "NA RC COMBH"]
[PlyCount "85"]
[EventDate "2022.10.02"]
[EventType "team-tourn"]
[EventCountry "AZE"]
[SourceTitle "playchess.com"]
[Source "ChessBase"]
[SourceQuality "1"]
[WhiteTeam "Georgia"]
[BlackTeam "Azerbaijan"]
[WhiteTeamCountry "GEO"]
[BlackTeamCountry "AZE"]

1. d4 Nf6 2. c4 e6 3. g3 b6 4. Bg2 d5 5. cxd5 exd5 6. Nf3 Bb4+ 7. Bd2 Bxd2+ 8. Nbxd2 O-O 9. O-O Bb7 10. Rc1 Qd6 11. Qc2 c6 12. Qf5 Re8 13. Rfe1 c5 14. dxc5 bxc5 15. Nb3 Nbd7 16. e3 a5 17. Red1 a4 18. Nbd2 Qe6 19. Nh4 Rab8 20. Nb1 c4 21. Nc3 Nb6 22. Qf4 Rbd8 23. Nf5 Nfd7 24. Nd6 Ba8 25. Nxe8 Rxe8 26. Nb5 Qf6 27. Nc7 Rd8 28. Nxa8 Rxa8 29. Bxd5 Nxd5 30. Rxd5 Qxb2 31. Rcd1 Nf8 32. Qxc4 a3 33. Rd8 Rxd8 34. Rxd8 Qb1+ 35. Kg2 Qb7+ 36. Qd5 Qe7 37. h4 h6 38. Qd6 Qe4+ 39. Kh2 Qf3 40. Rxf8+ Kh7 41. Qd3+ g6 42. Kg1 Kg7 43. Qd8 1-0

[Event "FIDE WY-U16 Olympiad 2022"]
[Site "Nakhchivan"]
[Date "2022.10.08"]
[Round "7.28"]
[White "Thamil Manni, Swetha"]
[Black "Goliath, Brimarion"]
[Result "1/2-1/2"]
[WhiteElo "1428"]
[BlackElo "1394"]
[Annotator "NA RC COMBH"]
[PlyCount "70"]
[EventDate "2022.10.02"]
[EventType "team-tourn"]
[EventCountry "AZE"]
[SourceTitle "playchess.com"]
[Source "ChessBase"]
[SourceQuality "1"]
[WhiteTeam "Malaysia"]
[BlackTeam "South Africa"]
[WhiteTeamCountry "MAS"]
[BlackTeamCountry "RSA"]

1. d4 d5 2. Bf4 e6 3. e3 Bd6 4. Bg3 Nf6 5. Nf3 a6 6. Nbd2 Qe7 7. Bd3 Nc6 8. Ne5 Bxe5 9. dxe5 Nd7 10. f4 f6 11. exf6 Nxf6 12. c3 e5 13. O-O e4 14. Bc2 Bf5 15. Bh4 Qe6 16. Nb3 O-O-O 17. Nc5 Qe7 18. b4 Nb8 19. a4 Nbd7 20. Nb3 Qd6 21. h3 h6 22. b5 g5 23. Bg3 Rhg8 24. Kf2 g4 25. h4 Nc5 26. Nxc5 Qxc5 27. Qd4 Qxd4 28. cxd4 a5 29. Bb3 b6 30. Rac1 Kb7 31. Rc6 Rd6 32. Rc2 h5 33. Rfc1 Rc8 34. Bh2 c6 35. Ke2 cxb5 1/2-1/2

[Event "FIDE WY-U16 Olympiad 2022"]
[Site "Nakhchivan"]
[Date "2022.10.08"]
[Round "7.29"]
[White "Levitan, Judah Nathan"]
[Black "Baghirov, Orkhan"]
[Result "1-0"]
[WhiteElo "1725"]
[BlackElo "1571"]
[Annotator "NA RC COMBH"]
[PlyCount "105"]
[EventDate "2022.10.02"]
[EventType "team-tourn"]
[EventCountry "AZE"]
[SourceTitle "playchess.com"]
[Source "ChessBase"]
[SourceQuality "1"]
[WhiteTeam "South Africa"]
[BlackTeam "Azerbaijan"]
[WhiteTeamCountry "RSA"]
[BlackTeamCountry "AZE"]

1. e4 e6 2. d4 d5 3. Nc3 Nf6 4. e5 Nfd7 5. f4 c5 6. Nf3 Nc6 7. Be3 Qb6 8. Na4 Qa5+ 9. c3 cxd4 10. b4 Qc7 11. Nxd4 Nxd4 12. Bxd4 Be7 13. Bd3 b6 14. O-O Bb7 15. Qg4 g6 16. Rac1 Rc8 17. Rc2 Bc6 18. Nb2 b5 19. Qe2 Qb8 20. Re1 a6 21. f5 gxf5 22. Bxf5 Nf8 23. Qh5 Ng6 24. Bxg6 fxg6 25. Qh3 Kd7 26. Nd3 Rcf8 27. g3 Rf5 28. Rf2 h5 29. Rxf5 gxf5 30. Bc5 h4 31. Bd6 Bxd6 32. exd6 Kxd6 33. Nc5 Bd7 34. Qg2 Re8 35. Qf2 hxg3 36. hxg3 Kc6 37. Nxa6 Qd6 38. Re3 Rg8 39. Rf3 e5 40. a4 f4 41. Qa7 bxa4 42. Nc5 Bc8 43. Qxa4+ Kc7 44. Qa5+ Qb6 45. Qa2 Bb7 46. Qe2 Qf6 47. Qb5 Qc6 48. Qa5+ Kc8 49. Qa2 Rxg3+ 50. Rxg3 fxg3 51. Qe2 Qf6 52. Qg4+ Kc7 53. Qd7+ 1-0

[Event "FIDE WY-U16 Olympiad 2022"]
[Site "Nakhchivan"]
[Date "2022.10.08"]
[Round "7.31"]
[White "Price, Rowan Daelen"]
[Black "Imranli, Madina"]
[Result "1-0"]
[WhiteElo "1329"]
[BlackElo "1034"]
[Annotator "NA RC COMBH"]
[PlyCount "77"]
[EventDate "2022.10.02"]
[EventType "team-tourn"]
[EventCountry "AZE"]
[SourceTitle "playchess.com"]
[Source "ChessBase"]
[SourceQuality "1"]
[WhiteTeam "South Africa"]
[BlackTeam "Azerbaijan"]
[WhiteTeamCountry "RSA"]
[BlackTeamCountry "AZE"]

1. e4 c5 2. d4 cxd4 3. c3 dxc3 4. Nxc3 e6 5. Nf3 a6 6. Bc4 Qc7 7. Bb3 b5 8. O-O Bb7 9. Re1 d6 10. Be3 Nf6 11. Rc1 Qd8 12. Nd4 Be7 13. Bxe6 fxe6 14. Nxe6 Qd7 15. Nd5 Nc6 16. Ndc7+ Kf7 17. Qb3 d5 18. Ng5+ Kf8 19. Nxa8 Bxa8 20. Red1 h6 21. exd5 Na5 22. Ne6+ Kf7 23. Qd3 Qxd5 24. Qxd5 Bxd5 25. Nf4 Bxa2 26. Rc7 Re8 27. Ra1 Rd8 28. Bc5 Nb3 29. Bxe7 Re8 30. Rxa2 g5 31. Bxf6+ Kxf6 32. Rxa6+ Kf5 33. Rf7+ Ke5 34. Ng6+ Kd4 35. h3 Re1+ 36. Kh2 Nc5 37. Rd6+ Kc4 38. Rc7 Kb4 39. Rd4+ 1-0

[Event "FIDE WY-U16 Olympiad 2022"]
[Site "Nakhchivan"]
[Date "2022.10.08"]
[Round "7.32"]
[White "Gambarova, Havva"]
[Black "Nel, Hayley"]
[Result "1-0"]
[WhiteElo "1347"]
[BlackElo "1191"]
[Annotator "NA RC COMBH"]
[PlyCount "37"]
[EventDate "2022.10.02"]
[EventType "team-tourn"]
[EventCountry "AZE"]
[SourceTitle "playchess.com"]
[Source "ChessBase"]
[SourceQuality "1"]
[BlackTeam "South Africa"]
[BlackTeamCountry "RSA"]

1. e4 e5 2. d4 exd4 3. Qxd4 Nc6 4. Qe3 Be7 5. a3 Nf6 6. Nc3 O-O 7. Bd3 d5 8. exd5 Nxd5 9. Nxd5 Qxd5 10. Bd2 Bc5 11. Qg3 Re8+ 12. Ne2 Nd4 13. Bc3 Re5 14. f4 Re3 15. Qxe3 Nxc2+ 16. Bxc2 Bxe3 17. Rd1 Qxd1+ 18. Bxd1 Bg4 19. h3 1-0

[Event "FIDE WY-U16 Olympiad 2022"]
[Site "Nakhchivan"]
[Date "2022.10.08"]
[Round "7.37"]
[White "Arkadan, Adib"]
[Black "Abdel Raouf, Zyad"]
[Result "1-0"]
[WhiteElo "1928"]
[BlackElo "1609"]
[Annotator "TA"]
[PlyCount "119"]
[EventDate "2022.10.02"]
[EventType "team-tourn"]
[EventCountry "AZE"]
[SourceTitle "playchess.com"]
[Source "ChessBase"]
[SourceQuality "1"]
[WhiteTeam "Lebanon"]
[BlackTeam "Egypt"]
[WhiteTeamCountry "LBN"]
[BlackTeamCountry "EGY"]

1. Nf3 d5 2. g3 g6 3. Bg2 Bg7 4. O-O e5 5. d3 Nc6 6. Nbd2 Nge7 7. e4 O-O 8. c3 a5 9. Re1 h6 10. Qc2 Re8 11. b3 d4 12. c4 Nb4 13. Qb1 Qd6 14. a3 Nbc6 15. Qc2 b6 16. Rb1 Ba6 17. Rf1 Bc8 18. Kh1 Rb8 19. Bb2 Qc5 20. Ng1 g5 21. Rbe1 Ng6 22. Ne2 Qd6 23. Bc1 Nd8 24. Rg1 Ne6 25. Ref1 Kh7 26. f3 Ba6 27. Rf2 b5 28. Rgf1 bxc4 29. Nxc4 Bxc4 30. bxc4 Nc5 31. f4 gxf4 32. gxf4 exf4 33. Bxf4 Be5 34. Bg3 Rf8 35. Rf6 Qe7 36. Bxe5 Nxe5 37. Nxd4 Qd8 38. Nc6 Qxd3 39. Qxd3 Ncxd3 40. Nxb8 Rxb8 41. Ra6 Nxc4 42. Rxf7+ Kg8 43. Rf3 Nce5 44. Rg3+ Kh7 45. h3 Rb2 46. Rxa5 Rb1+ 47. Kh2 Rb2 48. a4 h5 49. Rd5 Rd2 50. Kg1 Rd1+ 51. Bf1 Ra1 52. Rdxd3 Nxd3 53. Rxd3 Rxa4 54. Bg2 Kg6 55. Rc3 Ra7 56. Rc5 h4 57. Bf3 Ra3 58. Bg4 Re3 59. Kf2 Ra3 60. Rxc7 1-0

[Event "FIDE WY-U16 Olympiad 2022"]
[Site "Nakhchivan"]
[Date "2022.10.08"]
[Round "7.38"]
[White "Fahmi, Adham"]
[Black "Karam, Youssef Mark"]
[Result "0-1"]
[WhiteElo "1288"]
[BlackElo "1522"]
[Annotator "NA RC COMBH"]
[PlyCount "76"]
[EventDate "2022.10.02"]
[EventType "team-tourn"]
[EventCountry "AZE"]
[SourceTitle "playchess.com"]
[Source "ChessBase"]
[SourceQuality "1"]
[WhiteTeam "Egypt"]
[BlackTeam "Lebanon"]
[WhiteTeamCountry "EGY"]
[BlackTeamCountry "LBN"]

1. e4 c5 2. Nf3 a6 3. d4 cxd4 4. Nxd4 Nf6 5. Nc3 e5 6. Nb3 Bb4 7. f3 Bxc3+ 8. bxc3 O-O 9. Be3 d5 10. Bg5 dxe4 11. Qxd8 Rxd8 12. Bxf6 gxf6 13. fxe4 b6 14. g4 Ra7 15. Nd2 Rc7 16. c4 Rd6 17. Bd3 Nc6 18. c5 bxc5 19. Nc4 Rd4 20. Rf1 Be6 21. Ne3 c4 22. Nd5 Bxd5 23. exd5 cxd3 24. dxc6 d2+ 25. Kd1 Rxc6 26. Rg1 e4 27. Rg3 Re6 28. Re3 h5 29. gxh5 f5 30. Rg3+ Kh7 31. Rb1 e3 32. Ke2 f4 33. Rf3 Rc6 34. Kd1 Rxc2 35. Kxc2 e2 36. Rff1 f3 37. Rbd1 f2 38. Rfe1 fxe1=Q 0-1

[Event "FIDE WY-U16 Olympiad 2022"]
[Site "Nakhchivan"]
[Date "2022.10.08"]
[Round "7.39"]
[White "Fawaz, Mohamad"]
[Black "Mohamed Mostafa, Omar"]
[Result "1/2-1/2"]
[WhiteElo "1553"]
[BlackElo "1503"]
[Annotator "NA RC COMBH"]
[PlyCount "84"]
[EventDate "2022.10.02"]
[EventType "team-tourn"]
[EventCountry "AZE"]
[SourceTitle "playchess.com"]
[Source "ChessBase"]
[SourceQuality "1"]
[WhiteTeam "Lebanon"]
[BlackTeam "Egypt"]
[WhiteTeamCountry "LBN"]
[BlackTeamCountry "EGY"]

1. e4 c5 2. c3 Nf6 3. e5 Nd5 4. d4 cxd4 5. Nf3 Nc6 6. Bc4 Nb6 7. Bb3 d6 8. exd6 Qxd6 9. O-O e6 10. cxd4 Be7 11. Nc3 O-O 12. Re1 Rd8 13. Be3 Nb4 14. Rc1 N4d5 15. Ne4 Qb4 16. Bd2 Qb5 17. a4 Qe8 18. a5 Nd7 19. Bxd5 exd5 20. Nd6 Qf8 21. Nxc8 Raxc8 22. Qb3 Rb8 23. Qxd5 Nc5 24. Qc4 Ne6 25. Bc3 Bf6 26. Rcd1 Qd6 27. Qb3 b6 28. axb6 Rxb6 29. Qc2 Qd7 30. Ba5 Rc8 31. Qd2 Rd6 32. Bc3 Rd8 33. h3 h6 34. d5 Bxc3 35. Qxc3 Rxd5 36. Rxd5 Qxd5 37. Qa3 Qc5 38. Qxc5 Nxc5 39. Re7 Rd1+ 40. Kh2 Rb1 41. Rxa7 Rxb2 42. Ra8+ Kh7 1/2-1/2

[Event "FIDE WY-U16 Olympiad 2022"]
[Site "Nakhchivan"]
[Date "2022.10.09"]
[Round "8.1"]
[White "Kilic, Eray"]
[Black "Omonov, Asrorjon"]
[Result "1-0"]
[WhiteElo "2428"]
[BlackElo "2064"]
[Annotator "TA"]
[PlyCount "93"]
[EventDate "2022.10.02"]
[EventType "team-tourn"]
[EventCountry "AZE"]
[SourceTitle "playchess.com"]
[Source "ChessBase"]
[SourceQuality "1"]
[WhiteTeam "Turkey"]
[BlackTeam "Uzbekistan"]
[WhiteTeamCountry "TUR"]
[BlackTeamCountry "UZB"]

1. e4 c6 2. Nc3 d5 3. Nf3 Bg4 4. h3 Bxf3 5. Qxf3 e6 6. d4 Nf6 7. Bd3 dxe4 8. Nxe4 Be7 9. Nxf6+ Bxf6 10. c3 O-O 11. O-O Nd7 12. Bf4 Re8 13. Rfe1 a5 14. Qg3 Nf8 15. Bc7 Qd5 16. Be5 Bxe5 17. Rxe5 Qd8 18. f4 a4 19. Rae1 Ra5 20. Rxa5 Qxa5 21. f5 Qd8 22. Rf1 exf5 23. Rxf5 Re6 24. Qf3 Qc7 25. Bc4 Re7 26. a3 g6 27. Rf6 Kg7 28. Qf2 h5 29. Rf3 Nh7 30. d5 cxd5 31. Bxd5 f5 32. Re3 Nf6 33. Rxe7+ Qxe7 34. Bf3 g5 35. Bd1 f4 36. Bxa4 g4 37. Qxf4 Qe1+ 38. Kh2 Ne4 39. Qe5+ Kh6 40. Qh8+ Kg5 41. Qg7+ Kf4 42. Qh6+ Ke5 43. Qxh5+ Kf6 44. Qxg4 Nf2 45. Qf4+ Ke7 46. Bc2 b5 47. Bf5 1-0

[Event "FIDE WY-U16 Olympiad 2022"]
[Site "Nakhchivan"]
[Date "2022.10.09"]
[Round "8.1"]
[White "Caputcuoglu, Zeki Berke"]
[Black "Anand, Batsukh"]
[Result "0-1"]
[WhiteElo "2370"]
[BlackElo "2202"]
[Annotator "TA"]
[PlyCount "109"]
[EventDate "2022.10.02"]
[EventType "team-tourn"]
[EventCountry "AZE"]
[SourceTitle "playchess.com"]
[Source "ChessBase"]
[SourceQuality "1"]
[WhiteTeam "Turkey"]
[BlackTeam "Mongolia"]
[WhiteTeamCountry "TUR"]
[BlackTeamCountry "MGL"]

1. e4 d6 2. d4 e5 3. Nf3 Nd7 4. Nc3 Ngf6 5. g4 g6 6. g5 Nh5 7. Be3 Bg7 8. Qd2 c6 9. O-O-O Qe7 10. Be2 O-O 11. h4 b5 12. dxe5 dxe5 13. Qd6 Qxd6 14. Rxd6 Nb8 15. Rhd1 Nf4 16. Bxf4 exf4 17. e5 Bf5 18. h5 gxh5 19. Nd4 Bg6 20. e6 Be5 21. e7 Bxd6 22. exf8=Q+ Bxf8 23. Bf3 a6 24. Re1 b4 25. Ne4 Nd7 26. Nf6+ Nxf6 27. gxf6 Bc5 28. Nxc6 Rf8 29. Re5 Bxf2 30. Bxh5 Bh4 31. Ne7+ Kh8 32. Nd5 h6 33. Kd1 Bg5 34. Bf3 Rd8 35. Kc1 Rc8 36. Nxb4 Bxf6 37. Re2 Rb8 38. c3 Rd8 39. Nd5 Bg5 40. Rd2 Re8 41. c4 Kg7 42. c5 Be4 43. Bxe4 Rxe4 44. Nc3 Re5 45. Kc2 Rxc5 46. Rf2 Re5 47. Rf3 Kg6 48. Kd3 Kf5 49. b4 Kg4 50. Rf1 f3 51. Ne4 Kf4 52. Nd2 Re3+ 53. Kd4 Bf6+ 54. Kc5 Rd3 55. Nc4 0-1

[Event "FIDE WY-U16 Olympiad 2022"]
[Site "Nakhchivan"]
[Date "2022.10.09"]
[Round "8.2"]
[White "Tenuunbold, Battulga"]
[Black "Taspinar, Yanki"]
[Result "0-1"]
[WhiteElo "2128"]
[BlackElo "2325"]
[Annotator "TA"]
[PlyCount "92"]
[EventDate "2022.10.02"]
[EventType "team-tourn"]
[EventCountry "AZE"]
[SourceTitle "playchess.com"]
[Source "ChessBase"]
[SourceQuality "1"]
[WhiteTeam "Mongolia"]
[BlackTeam "Turkey"]
[WhiteTeamCountry "MGL"]
[BlackTeamCountry "TUR"]

1. d4 d5 2. c4 e6 3. Nf3 Nf6 4. g3 dxc4 5. Bg2 Bb4+ 6. Bd2 a5 7. O-O O-O 8. Qc2 Bxd2 9. Nbxd2 b5 10. a4 c6 11. Ne5 Nd5 12. b3 cxb3 13. Nxb3 b4 14. Rfc1 Nc3 15. Nxc6 Nxc6 16. Bxc6 Ba6 17. Bf3 Bc4 18. e3 Bxb3 19. Qxb3 Rc8 20. Rc2 Qd6 21. Kg2 Rfd8 22. Rac1 Qd7 23. Rd2 Rc7 24. Rcc2 Rdc8 25. d5 exd5 26. Bxd5 Nxd5 27. Rxd5 Qxd5+ 28. Qxd5 Rxc2 29. Qxa5 Rb8 30. Qe5 Rcc8 31. a5 b3 32. Qb2 Rc5 33. a6 Ra5 34. h4 Rxa6 35. h5 h6 36. g4 f6 37. g5 hxg5 38. h6 gxh6 39. Kg3 Kg7 40. Kg4 Rb7 41. Kh5 Ra2 42. Qb1 Rc2 43. Qh1 Rb4 44. f4 Rc5 45. e4 b2 46. Qd1 Rb7 0-1

[Event "FIDE WY-U16 Olympiad 2022"]
[Site "Nakhchivan"]
[Date "2022.10.09"]
[Round "8.2"]
[White "Khamdamova, Afruza"]
[Black "Celik, Hasan Huseyin"]
[Result "0-1"]
[WhiteElo "2118"]
[BlackElo "2323"]
[Annotator "TA"]
[PlyCount "85"]
[EventDate "2022.10.02"]
[EventType "team-tourn"]
[EventCountry "AZE"]
[SourceTitle "playchess.com"]
[Source "ChessBase"]
[SourceQuality "1"]
[WhiteTeam "Uzbekistan"]
[BlackTeam "Turkey"]
[WhiteTeamCountry "UZB"]
[BlackTeamCountry "TUR"]

1. e4 c5 2. Nf3 a6 3. d4 cxd4 4. Nxd4 Nf6 5. Nc3 e5 6. Nb3 Bb4 7. a3 Bxc3+ 8. bxc3 Qc7 9. Qd3 d6 10. Be2 O-O 11. O-O Be6 12. a4 Rd8 13. Bg5 Nbd7 14. c4 h6 15. Bh4 Rac8 16. Nd2 g5 17. Bg3 Nb6 18. Qf3 Kg7 19. h4 g4 20. Qb3 Nxc4 21. Nxc4 Bxc4 22. Bxc4 Qxc4 23. Qxb7 Nxe4 24. Rad1 Rc7 25. Qb6 Nxg3 26. fxg3 Qc5+ 27. Qxc5 Rxc5 28. Rd2 d5 29. Rb1 Rd7 30. Rb4 d4 31. Re2 Rdc7 32. Rb6 f6 33. Rf2 R5c6 34. Rb2 Kg6 35. Kf1 h5 36. Ke1 Rc4 37. a5 R4c5 38. Rb6 R7c6 39. Kd1 Rxb6 40. axb6 Rb5 41. Kd2 Rxb6 42. Rf1 Rc6 43. Kd3 0-1

[Event "FIDE WY-U16 Olympiad 2022"]
[Site "Nakhchivan"]
[Date "2022.10.09"]
[Round "8.3"]
[White "Camlar, Arda"]
[Black "Amilal Munkhdalai"]
[Result "1-0"]
[WhiteElo "2322"]
[BlackElo "2200"]
[Annotator "TA"]
[PlyCount "81"]
[EventDate "2022.10.02"]
[EventType "team-tourn"]
[EventCountry "AZE"]
[SourceTitle "playchess.com"]
[Source "ChessBase"]
[SourceQuality "1"]
[WhiteTeam "Turkey"]
[BlackTeam "Mongolia"]
[WhiteTeamCountry "TUR"]
[BlackTeamCountry "MGL"]

1. e4 c5 2. Nc3 Nc6 3. f4 g6 4. Nf3 Bg7 5. a4 e6 6. e5 d6 7. Bb5 Nge7 8. Ne4 dxe5 9. fxe5 O-O 10. Nf6+ Kh8 11. d4 cxd4 12. Bg5 Qa5+ 13. Qd2 Qxd2+ 14. Kxd2 Nd5 15. Bxc6 bxc6 16. h4 h6 17. h5 Nxf6 18. exf6 hxg5 19. hxg6+ Kg8 20. fxg7 Kxg7 21. gxf7 Rxf7 22. Rh5 g4 23. Nxd4 Rf2+ 24. Ke3 Rxg2 25. Rah1 Kf6 26. Rh6+ Ke5 27. R1h5+ Kd6 28. c4 c5 29. Rd5+ Ke7 30. Nc6+ Kf7 31. Rd8 Rg3+ 32. Kf4 Rh3 33. Rhh8 Rxh8 34. Rxh8 Kg7 35. Re8 Kf6 36. Ne5 g3 37. Rg8 Bb7 38. Rg6+ Ke7 39. Rg7+ Kf8 40. Rxb7 g2 41. Nf3 1-0

[Event "FIDE WY-U16 Olympiad 2022"]
[Site "Nakhchivan"]
[Date "2022.10.09"]
[Round "8.3"]
[White "Ozkan, Taha"]
[Black "Abdukhakimov, Akbarali"]
[Result "1-0"]
[WhiteElo "2299"]
[BlackElo "1777"]
[Annotator "TA"]
[PlyCount "99"]
[EventDate "2022.10.02"]
[EventType "team-tourn"]
[EventCountry "AZE"]
[SourceTitle "playchess.com"]
[Source "ChessBase"]
[SourceQuality "1"]
[WhiteTeam "Turkey"]
[BlackTeam "Uzbekistan"]
[WhiteTeamCountry "TUR"]
[BlackTeamCountry "UZB"]

1. d4 d5 2. c4 c6 3. Nf3 Nf6 4. Nc3 dxc4 5. a4 Bf5 6. e3 e6 7. Bxc4 Bb4 8. O-O O-O 9. Qe2 Ne4 10. Bd3 Bxc3 11. bxc3 Nxc3 12. Qc2 Bxd3 13. Qxd3 Nd5 14. Ba3 Re8 15. Rab1 b6 16. Rfc1 c5 17. dxc5 bxc5 18. Bxc5 Nd7 19. Bd4 e5 20. Ba1 N5f6 21. Qa6 Re6 22. Qc4 h6 23. Rb5 Nb6 24. Qb3 Rc8 25. Rf1 e4 26. Nd4 Rd6 27. Nf5 Rd3 28. Qb4 Rc4 29. Qb1 Rxa4 30. Bd4 Kh7 31. Ng3 Raxd4 32. exd4 Qxd4 33. Rb4 Nc4 34. Qa2 Rc3 35. Ne2 Qc5 36. Ra4 Ne5 37. Nxc3 Qxc3 38. Qa3 Qd2 39. Qe3 Qxe3 40. fxe3 Neg4 41. Re1 Kg6 42. Rxa7 Nd5 43. Ra3 f5 44. Re2 Kg5 45. h3 Ngf6 46. Rf2 Nb4 47. Ra5 Nfd5 48. Rb5 Kf6 49. Rd2 Ke6 50. Rd4 1-0

[Event "FIDE WY-U16 Olympiad 2022"]
[Site "Nakhchivan"]
[Date "2022.10.09"]
[Round "8.4"]
[White "Khuslen, Erdenebayar"]
[Black "Alagoz, Zumra Meryem"]
[Result "*"]
[WhiteElo "1590"]
[BlackElo "1800"]
[Annotator "NA RC COMBH"]
[PlyCount "61"]
[EventDate "2022.10.02"]
[EventType "team-tourn"]
[EventCountry "AZE"]
[SourceTitle "playchess.com"]
[Source "ChessBase"]
[SourceQuality "1"]
[WhiteTeam "Mongolia"]
[BlackTeam "Turkey"]
[WhiteTeamCountry "MGL"]
[BlackTeamCountry "TUR"]

1. d4 Nf6 2. c4 e6 3. Nc3 Bb4 4. a3 Bxc3+ 5. bxc3 c5 6. f3 Nc6 7. e4 d6 8. d5 Na5 9. Bf4 e5 10. Bg5 b6 11. Bd3 h6 12. Bh4 g5 13. Bf2 Ba6 14. h4 Ke7 15. Be3 Nxc4 16. Bc1 b5 17. a4 Qa5 18. Ne2 Nb6 19. Bxg5 bxa4 20. Bxf6+ Kxf6 21. f4 Ke7 22. fxe5 dxe5 23. O-O Rad8 24. Ng3 f6 25. Qg4 Kd6 26. Qg7 Nd7 27. Bxa6 Rhg8 28. Rxf6+ Kc7 29. Rb1 Qb6 30. Rfxb6 axb6 31. Qxh6 *

[Event "FIDE WY-U16 Olympiad 2022"]
[Site "Nakhchivan"]
[Date "2022.10.09"]
[Round "8.4"]
[White "Botiraliev, Abdumajid"]
[Black "Aydin, Gulenay"]
[Result "0-1"]
[WhiteElo "1552"]
[BlackElo "2109"]
[Annotator "TA"]
[PlyCount "80"]
[EventDate "2022.10.02"]
[EventType "team-tourn"]
[EventCountry "AZE"]
[SourceTitle "playchess.com"]
[Source "ChessBase"]
[SourceQuality "1"]
[WhiteTeam "Uzbekistan"]
[BlackTeam "Turkey"]
[WhiteTeamCountry "UZB"]
[BlackTeamCountry "TUR"]

1. e4 c6 2. Nc3 d5 3. Nf3 dxe4 4. Nxe4 Nf6 5. Qe2 Nxe4 6. Qxe4 Nd7 7. Bc4 Nf6 8. Ne5 e6 9. Qe2 Be7 10. O-O O-O 11. Rd1 Qc7 12. d4 b5 13. Bd3 Bb7 14. Bf4 Qb6 15. a4 a6 16. c4 bxc4 17. Nxc4 Qa7 18. Rab1 a5 19. Rbc1 Rac8 20. h3 Rfd8 21. Be5 Ba6 22. Nd6 Bxd6 23. Bxa6 Rc7 24. Bxf6 gxf6 25. Bc4 f5 26. Rc3 Kh8 27. Ba2 Rcc8 28. Bb1 Qe7 29. Qf3 Qd7 30. Qd3 Rg8 31. Kf1 Bb4 32. Rc4 Qd5 33. f3 Qd8 34. b3 Qh4 35. Rdc1 Rxg2 36. Kxg2 Rg8+ 37. Kf1 Qxh3+ 38. Kf2 Rg2+ 39. Ke3 Qh6+ 40. f4 Qh3# 0-1

[Event "FIDE WY-U16 Olympiad 2022"]
[Site "Nakhchivan"]
[Date "2022.10.09"]
[Round "8.5"]
[White "Madaminov, Mukhiddin"]
[Black "Sapenov, Daniyal"]
[Result "1-0"]
[WhiteElo "2441"]
[BlackElo "2323"]
[Annotator "TA"]
[PlyCount "105"]
[EventDate "2022.10.02"]
[EventType "team-tourn"]
[EventCountry "AZE"]
[SourceTitle "playchess.com"]
[Source "ChessBase"]
[SourceQuality "1"]
[WhiteTeam "Uzbekistan"]
[BlackTeam "Kazakhstan"]
[WhiteTeamCountry "UZB"]
[BlackTeamCountry "KAZ"]

1. d4 Nf6 2. c4 e6 3. Nc3 Bb4 4. e3 O-O 5. Bd3 c5 6. Nge2 d5 7. cxd5 cxd4 8. exd4 exd5 9. O-O h6 10. a3 Ba5 11. Bf4 Nc6 12. Rc1 Re8 13. h3 Bc7 14. Qd2 Be6 15. b4 Bxf4 16. Qxf4 Qb8 17. Qxb8 Raxb8 18. Na4 Bf5 19. Bxf5 Rxe2 20. Rfd1 g6 21. Bb1 Rbe8 22. Kf1 R2e7 23. Nc5 Nd8 24. Bd3 Ne6 25. Nxe6 Rxe6 26. Rc7 R8e7 27. Rxe7 Rxe7 28. Rc1 Kf8 29. h4 Ke8 30. Rc8+ Kd7 31. Rh8 h5 32. f3 Kc7 33. Ra8 a6 34. b5 Re3 35. Be2 axb5 36. Bxb5 Nd7 37. Kf2 Re7 38. Rh8 Nf6 39. a4 Kd6 40. Kg3 Re6 41. Kf4 b6 42. Kg5 Ke7 43. Rb8 Rd6 44. Kh6 g5 45. Rb7+ Kf8 46. hxg5 Ng4+ 47. Kh7 Rg6 48. Rb8+ Ke7 49. Re8+ Kd6 50. fxg4 Rxg5 51. Rg8 Rxg4 52. Rxg4 hxg4 53. Kh6 1-0